| 000 | 00986nam a22003257a 4500 | ||
|---|---|---|---|
| 001 | BR0103928 | ||
| 003 | BR-BrBNA | ||
| 005 | 20230928100933.0 | ||
| 007 | ta | ||
| 008 | 230509b bl.||||| |||| 00| 0 por d | ||
| 040 |
_aBR-BrBNA _bpor _cBiblioteca Nacional de Agricultura |
||
| 041 | _a(Por) | ||
| 072 |
_aL02; L01 _b6100 _b3840 _b9600 |
||
| 090 | _ 6100 BR0103928 | ||
| 100 | 1 | _aOliveira, J.R. de | |
| 110 | 1 |
_aUniversidade Federal de Lavras, MG (Brasil) _0Tese (Mestrado) |
|
| 245 | 1 | _aNiveis de calcio e de fosforo em dietas para poedeiras leves e semipesadas no segundo ciclo de producao | |
| 260 | 3 |
_aLavras, MG (Brasil): _c2001. |
|
| 300 | _a70 p. | ||
| 500 | _aSummaries (Eng, Por); Bibliography p. 56-61; 35 tables; 12 illus. | ||
| 650 | _aPoedeira Comercial | ||
| 650 | _aCalcio | ||
| 650 | _aFosforo | ||
| 650 | _aOvo | ||
| 650 | _aDieta | ||
| 650 | _aNutricao Animal | ||
| 650 | _aProducao Animal | ||
| 909 |
_a202309 _bLucia _c55 _dLucia Elande |
||
| 942 | _cBK | ||
| 999 |
_c63485 _d63485 |
||